000 00490nam a22001577a 4500
999 _c9211
_d9211
008 210329b ||||| |||| 00| 0 eng d
040 _aBMS College of Architecture
100 _aN, M,Sreenivas
245 _aSpiritual center (Unity temple) at Pondicherry
300 _aNA
500 _a1BM03AT029
502 _8B.Arch
_NBMS College of Architecture, Visvesvaraya Technological University
_aProject report
_d2007
650 _aPondicherry
700 _aSatish Rao
_eGuide
942 _2ddc
_cTHE